| 000 -LEADER |
| fixed length control field |
00713nam a22002417a 4500 |
| 005 - DATE AND TIME OF LATEST TRANSACTION |
| control field |
20190815100241.0 |
| 008 - FIXED-LENGTH DATA ELEMENTS--GENERAL INFORMATION |
| fixed length control field |
190815b ||||| |||| 00| 0 eng d |
| 020 ## - INTERNATIONAL STANDARD BOOK NUMBER |
| International Standard Book Number |
9781471839184 |
| 040 ## - CATALOGING SOURCE |
| Transcribing agency |
KH8 |
| 082 ## - DEWEY DECIMAL CLASSIFICATION NUMBER |
| Classification number |
951 LYN |
| 100 ## - MAIN ENTRY--PERSONAL NAME |
| Personal name |
Lynch, Michael |
| Dates associated with a name |
1946- |
| 245 ## - TITLE STATEMENT |
| Title |
China, 1839-1997 / |
| Statement of responsibility, etc. |
Michael Lynch. |
| 250 ## - EDITION STATEMENT |
| Edition statement |
3rd ed. |
| 260 ## - PUBLICATION, DISTRIBUTION, ETC. |
| Place of publication, distribution, etc. |
London : |
| Name of publisher, distributor, etc. |
Hodder Education, |
| Date of publication, distribution, etc. |
2016. |
| 300 ## - PHYSICAL DESCRIPTION |
| Extent |
322 p. ; |
| Other physical details |
ill. : |
| Dimensions |
25 cm. |
| 440 ## - SERIES STATEMENT/ADDED ENTRY--TITLE |
| Title |
Access to history |
| 546 ## - LANGUAGE NOTE |
| Language note |
English |
| 650 ## - SUBJECT ADDED ENTRY--TOPICAL TERM |
| Source of heading or term |
HISTORY / Europe / Russia & the Former Soviet Union; |
| 650 ## - SUBJECT ADDED ENTRY--TOPICAL TERM |
| Source of heading or term |
Educational: History; |
| 650 ## - SUBJECT ADDED ENTRY--TOPICAL TERM |
| Source of heading or term |
China -- History -- 19th century; |
| 650 ## - SUBJECT ADDED ENTRY--TOPICAL TERM |
| Source of heading or term |
China -- History -- 20th century; |
| 942 ## - ADDED ENTRY ELEMENTS (KOHA) |
| Source of classification or shelving scheme |
|
| Koha item type |
Books - Non Ficton |